000 00492nam a22001817i 4500
001 3573
003 OSt
005 20170126082320.0
007 tu
008 161220s1988 xxu||||| |||| 00| 0 d
024 7 _a3572
_2RID
040 _cOSt
245 0 0 _aInternational Comparison of Gross Domestic Product in Europe 1985. Report on the European Comparison Programme
260 _aNew York,
_c1988.
300 _c30cm
490 _aStatistical Standards and Studies
_v41
110 2 _aUnited Nations
_eEd.
942 _cB
999 _c3520
_d3520